00551 2200205 4500001002100000005001500021035002000036007000300056008004100059020002200100082001000122084001600132100002100148245006100169260002900230300003400259650003000293990001100323990001100334INLIS00000000000467720191217105345 a0010-1219000129ta191217 g 0 ind  a978-602-74184-5-5 a930.1 a930.1 AGU m0 aAGUS, Subandriyo1 aMengais Jejak Perdaban Bumi Kahuripan /cAgus Subandriyo aMalang :bBeranda,c2017 axiv, 101 hlm :bilus ;c21 cm 4aARKEOLOGI. BUMI KAHURIPAN a7250 a a7250 b